000 00581nam a2200229 i 4500
001 bg
100 1 _aBÉRARD, Évelyne
245 1 0 _aTempó! 1 :
_bméthode de français.
260 _aParis :
_bHatier :
_bDidier,
_ccop.1999.
300 _a153 s. :
_bil. kolor. ;
_c28 cm.
650 9 _aJęzyk francuski
655 _aPodręczniki
700 1 _aCANIER, Yves
700 1 _aLAVENNE, Christian
020 _a2278048708
040 _cBPK
041 0 _afr
080 _a811.133.1(07)
920 _a2-278-04870-8
942 _cKS
008 s pl f |000 0 pol
999 _c38102
_d38102
856 _uhttp://koha.tu.koszalin.pl/cgi-bin/koha/opac-detail.pl?biblionumber=38102
_yKatalog online BPK